000 00684nam a22002177a 4500
003 UA-OsUOA
001 67108
007 ta
008 20100210b un ||||| |||| 00| 0 ukr d
100 _aБобришева О.
090 _a02
_bБ72
942 _cSA
040 _aUA-OsUOA
_bukr
_cUA-OsUOA
_dUA-OsUOA
245 _aПравові засади формування комплексної системи захисту інформації в бібліотеках
300 _aС.23-26
955 _a0
041 _aukr
080 _a02
773 0 _w67107
_tВісник книжкової палати
_dК.
_d2009
_g12
650 7 _a02 Бібліотечна справа
_2UDC
999 _c353301
_d353301